000 01297nam a2200349 a 4500
001 000108991
003 CHAP
005 20220329144033.0
008 140326s2013 mx | |sm |||||||spa|d
010 _a105453
011 _a106425
040 _cCHAP
090 _aTesis
100 1 _aÁvalos Gándara, Luis Armando
_9126068
245 1 0 _aAnálisis del mercado de la industria vitivinícola española y su importancia en México
_h[En línea]
_cpor Luis Armando Ávalos Gándara.
260 _aChapingo, Méx. :
_bEl autor,
_c2013.
500 _aPara ver el contenido del material haga clic en la liga
502 _aTesis (Lic. en Comercio Internacional de Productos Agropecuarios) -- UACH. Dvisión de Ciencias Económico Administrativas
590 _aBATCH-UPD
_b05
_c20141002
_lUCH01
_h0858
590 _aBATCH
_b00
_c20181121
_lUCH01
_h0758
590 _aE792CSJ
_b05
_c20140326
_lUCH01
_h1425
590 _aE792CSJ
_b05
_c20140326
_lUCH01
_h1426
650 1 4 _aVino
_xConsumo.
_9119859
650 1 4 _aVino
_xElaboración
_xEspaña.
_9119865
650 1 4 _aVino
_xElaboración
_xMéxico.
_9119870
650 1 4 _aVino
_xMercadeo.
_9119874
856 _a1
_n0000605
856 _aFinding aid
_uhttp://10.13.5.2/tesis/sist108991.pdf
_zTeclea aquí
901 _aBK
942 _cTESIS
942 _n0
999 _c105453
_d105453